000 00305nam a22001337a 4500
008 170201b xxu||||| |||| 00| 0 eng d
020 _a9780763744373
041 _aeng
080 _a618.2
100 _a2
101 _aINF
245 _aEVIDENCE-BASED PRACTICE FOR NURSES
_cSCHMIDT, N.A
942 _2udc
_cBK
999 _c4200
_d4200